000 00824nam a2200277 i 4500
001 85087
003 ES-MaACL
005 20231227062535.0
007 t|
008 041125s1913 sp ||||1| spa d
100 1 _aJiménez, Juan Ramón,
_d1881-1958
_966417
245 1 0 _aLaberinto /
_cJuan Ramón Jiménez.
250 _aEd. princeps.
260 _aMadrid :
_bRenacimiento,
_c1913.
300 _a279 p. ;
_c19 cm.
505 8 _aContiene: Voz de seda. Tesoro. Variaciones inefables. La amistad. Sentimientos musicales. Nevermore. Olor de jazmin
740 0 _aVoz de seda.
740 0 _aTesoro.
740 0 _aVariaciones inefables.
740 3 _aLa amistad.
740 0 _aSentimientos musicales.
740 0 _aNevermore.
740 0 _aOlor de jazmin.
852 _aES-MaACL
_jF-395
999 _c85087
_d85087